| 000 | 00464nam a2200133Ia 4500 | ||
|---|---|---|---|
| 008 | 260210s9999 xx 000 0 und d | ||
| 024 | _a99A-085-CS, 99A-057-CS, 99A-016-CS & 99A-068-CS | ||
| 082 | _a004.65072 KHA | ||
| 100 | _aShoaib Ahmed, Adnan Rafi, Syed Yasir Ali & Zeeshan Anis | ||
| 245 | 0 | _aWap Enabled UIT Information System | |
| 260 |
_aKarachi: _bUITU, _c1999 |
||
| 600 | _aComputer System Engineering | ||
| 650 | _aBachelor of Engineering (BE) | ||
| 999 |
_c32630 _d32630 |
||